| 000 | 00498nam a2200193Ia 4500 | ||
|---|---|---|---|
| 003 | GCL | ||
| 008 | 140319s9999 xx 000 0 eng d | ||
| 040 |
_aGCL / _cGCL |
||
| 082 | 0 | 4 |
_a940.252 _bH C |
| 100 | 1 | _aHAZARD, PAUL | |
| 245 | 1 | 0 |
_aLA CRISE DE LA CONSCIENCE EUROPEENNE 1680 - 1715 / _cHAZARD, PAUL |
| 260 |
_a[S.N] : _bFAYARD ، _c1994 |
||
| 300 | _a444 P | ||
| 490 |
_aLE LIVRE DE POCHE _v0 |
||
| 650 | 0 | 4 | _aEUROPE |
| 650 | 0 | 4 | _aEUROPE - HISTORY |
| 650 | 0 | 4 | _aHISTORY |
| 942 |
_2ddc _cBK |
||
| 999 |
_c12108 _d12108 |
||